000 00832cab a2200265 4500
001 ABS58495
008 090401t1998 xxu||||| |||| 00| 0 eng d
035 _a(Sirsi) u84828
041 _aeng
100 _aKumaraswamy, M.M.
245 _aContributors to construction delays
260 _c1998
350 _a0
490 _aConstruction Management & Economics
_v16(1) January 1998, 17-29(13)
520 _aAnalyses the results of the third phase on an investigation into causes of construction delays in Hong Kong as perceived by clients, consultants and contractors. References.
650 _aCAUSES
650 _aCONSTRUCTION PROJECTS
650 _aDELAYS
650 _aHONG KONG
650 _aPRODUCTIVITY
690 _aProject management
_96261
700 _aChan, D.W.M.
942 _n0
948 _c12/03/1998
999 _c53339
_d53339